Statystyki dla Formuła 1 - składy zespołów 2011

Kliknij tutaj aby rozwiązać quiz!

Ogólne statystyki

  • Ten quiz został rozwiązany 74 razy
  • Średni wynik to 19 z 28

Statystyki odpowiedzi

ZespółPaństwoKierowca% Poprawnych
FerrariHiszpaniaFernando Alonso
100%
Red BullNiemcySebastian Vettel
100%
McLarenWielka BrytaniaLewis Hamilton
99%
MercedesNiemcyNico Rosberg
99%
MercedesNiemcyMichael Schumacher
97%
FerrariBrazyliaFelipe Massa
96%
Red BullAustraliaMark Webber
93%
SauberMeksykSergio Perez (rundy 1-6, 8-19)
90%
McLarenWielka BrytaniaJenson Button
85%
RenaultRosjaWitalij Pietrow
79%
SauberJaponiaKamui Kobayashi
76%
HRTAustraliaDaniel Ricciardo (rundy 9-19)
69%
WilliamsNiemcyNico Hulkenberg
69%
RenaultBrazyliaBruno Senna (rundy 12-19)
63%
LotusFinlandiaHeikki Kovalainen
63%
Force IndiaNiemcyAdrian Sutil
60%
Toro RossoSzwajcariaSebastien Buemi
60%
RenaultNiemcyNick Heidfeld (rundy 1-11)
59%
LotusWłochyJarno Trulli (rundy 1-9, 11-19)
54%
WilliamsBrazyliaRubens Barrichello
50%
VirginNiemcyTimo Glock
50%
SauberHiszpaniaPedro de la Rosa (runda 7)
49%
Force IndiaWielka BrytaniaPaul di Resta
46%
VirginBelgiaJerome d'Ambrosio
40%
HRTIndieNarain Karthikeyan (rundy 1-8, 17)
40%
Toro RossoHiszpaniaJaime Alguersuari
37%
LotusIndieKarun Chandhok (runda 10)
35%
HRTWłochyVitantonio Liuzzi (rundy 1-16, 18-19)
35%

Rozkład punktacji

Percentyl według liczby udzielonych odpowiedzi

Procent ludzi z każdym wynikiem

Twoja historia wyników

Nie rozwiązałeś tego quizu